MARC

LEADER 00000nam0a2200000 4500
001 244935
005 20231101232107.0
010 |a 5250008933 
035 |a (RuTPU)RU\TPU\book\266330 
090 |a 244935 
100 |a 20131031d1990 m y0rusy50 ca 
101 1 |a rus  |c eng 
102 |a RU 
105 |a a z 000zy 
200 1 |a Признание шефа разведки  |e пер. с англ.  |f Б. Вудворд 
210 |a Москва  |c Политиздат  |d 1990 
215 |a 479 с.  |c ил. 
606 1 |a Американская разведка  |2 stltpush  |3 (RuTPU)RU\TPU\subj\28888  |9 52350 
610 1 |a внешняя политика 
610 1 |a Соединенные Штаты Америки 
610 1 |a ЦРУ 
610 1 |a разведывательная деятельность 
610 1 |a тайные операции 
686 |a Ф4(7США)5  |v LBC/SL-A  |2 rubbk 
700 1 |a Вудворд  |b Б.  |g БОб 
801 1 |a RU  |b 63413507  |c 20131031 
801 2 |a RU  |b 63413507  |c 20131102  |g RCR 
942 |c BK